000 00544nam a2200181 4500
001 121320
003 ES-MaACL
005 20250822063158.0
007 t|
008 070214s1965 sp r ||||1| cat d
100 1 _aPla, Josep,
_d1897-1981
_9164614
245 1 3 _aLa Catalunya vella
_b: notes de viatge /
_cJosep Pla ; litografies de Jaume Pla.
260 _aBarcelona :
_bTeide,
_c1965.
300 _a192 p. :
_bil. ;
_c26 cm.
700 1 _aPla, Jaume.
_992472
852 _aES-MaACL
_jC-27317
_bR.56548
999 _c121320
_d121320